| 000 | 00704cam a2200241 a 4500 | ||
|---|---|---|---|
| 001 | 2455959 | ||
| 005 | 20180827075204.0 | ||
| 008 | 890703s1990 maua b 001 0 eng | ||
| 010 | _a 89080921 | ||
| 020 | _a0395433231 | ||
| 040 |
_aDLC _cDLC _dDLC |
||
| 041 | _aeng | ||
| 042 | _alccopycat-nm | ||
| 080 | _a330 | ||
| 082 | 0 | 0 |
_a330 _219 |
| 100 | 1 | _a52 | |
| 101 | _aECO | ||
| 245 | 1 | 0 |
_aEconomics / _cMartin Bronfenbrenner, Werner Sichel, Wayland Gardner. |
| 504 | _aIncludes bibliographical references and index. | ||
| 906 |
_a7 _bcbc _ccopycat _d3 _eopcn _f19 _gy-gencatlg |
||
| 942 |
_2ddc _cBK |
||
| 999 |
_c47349 _d47349 |
||